• 首页
  • 本馆介绍
  • 公告通知
  • 最新文献
  • 馆藏检索
  • 电子资源
  • 读者导购
  • 参考咨询
  • 我的图书馆
  • 登录
  • 详细信息显示
  • 放入我的书架
  • 预约/预借图书
  • 作者相关作品
  • 分类相关作品
  • 丛书相关作品
  • 出版社相关作品

书目信息

  • 表格格式
  • 工作单格式
  • 卡片格式
题名:
经典家居设计与软装布置
    
 
作者: ;宜家文化 编
分册:   简约美学
出版信息: 北京   化学工业出版社  2017.1
页数: 176页
开本: 24cm
丛书名:
单 册:
中图分类: TU241-64
科图分类:
主题词: 住宅--室内装饰设计--图集
电子资源:
ISBN: 978-7-122-25928-8
000 00834nam0 2200229 450
001 0400003596
005 20171022103108.0
010    @a978-7-122-25928-8@dCNY58.00
100    @a20150920d2017 em y0chiy50 ea
101 0  @achi
102    @aCN@b110000
105    @aa z 000yy
106    @ar
200 1  @a经典家居设计与软装布置@9jing dian jia ju she ji yu ruan zhuang bu zhi@i简约美学@f宜家文化编
210    @a北京@c化学工业出版社@d2017.1
215    @a176页@d24cm
330    @a本书精选了香港、台湾与大陆三地人气室内设计师的海量最新家居案例,把这些代表当今设计界最高水平的作品按时下流行的风格分门别类进行编排,全书分为北欧风格、简约风格、时尚风格。
606 0  @a住宅@x室内装饰设计@j图集
690    @aTU241-64@v5
711 02 @a宜家文化@9yi jia wen hua@4编
801  0 @aCN@b91MARC@c20171022
905    @b1033821-5@dTU241-64@f5@e1177
    
    经典家居设计与软装布置.简约美学/宜家文化编.-北京:化学工业出版社,2017.1
    176页;24cm
    
    
    ISBN 978-7-122-25928-8:CNY58.00
    本书精选了香港、台湾与大陆三地人气室内设计师的海量最新家居案例,把这些代表当今设计界最高水平的作品按时下流行的风格分门别类进行编排,全书分为北欧风格、简约风格、时尚风格。
●
相关链接 在E读中查询图书 在五车中查询图书 在当当中查询图书 在豆瓣中查询图书


正题名:经典家居设计与软装布置     索取号:TU241-64/1177         预约/预借

序号 登录号 条形码 馆藏地/架位号 状态 备注
1 1033821   210338213   第二样本阅览室/ [索取号:TU241-64/1177] 在馆    
2 1033822   210338222   密集书库-生命科学系/ [索取号:TU241-64/1177] 在馆    
3 1033823   210338231   第三借阅区/ [索取号:TU241-64/1177] 在馆    
4 1033824   210338240   第三借阅区/ [索取号:TU241-64/1177] 在馆    
5 1033825   210338259   第三借阅区/ [索取号:TU241-64/1177] 在馆    
唐山师范学院图书馆 欢迎您!
大连网信软件有限公司© 版权所有